| 000 | 00589cam a22001691 4500 | ||
|---|---|---|---|
| 005 | 20250901165235.0 | ||
| 008 | 710201s1968 paua b 000 0 eng | ||
| 010 | _a 68023690 | ||
| 050 | 0 | 0 |
_aQC6 .R54 1968 _b.R54 1968 |
| 082 | 0 | 0 | _a530.11 |
| 100 | 1 |
_aRobertson, H. P. _q(Howard Percy), _d1903-1961. |
|
| 245 | 1 | 0 |
_aRelativity and cosmology _c[by] H. P. Robertson [and] Thomas W. Noonan. |
| 260 |
_aPhiladelphia, _bSaunders, _c1968. |
||
| 300 |
_axxxiii, 456 p. _billus. _c25 cm. |
||
| 500 | _aBased on Robertson's notes for his relativity course at Caltech from 1949 to 1961. | ||
| 942 | _2ddc | ||
| 999 |
_c835 _d835 |
||